000 00902nam a2200229 i 4500
001 53666
003 ES-MaACL
005 20250718042045.0
007 t|
008 960702s1887 sp |||| | spa d
100 1 _aFernández Caro, Ángel.
_949551
245 1 0 _aErrores en materia de educación
_b: conferencia dada en la Sociedad Española de Higiene /
_cpor Ángel Fernández-Caro.
260 _aMadrid :
_bOficinas de la Sociedad,
_c1887 (
_fImp. de A. Ruiz de Castroviejo)
300 _a31 p. ;
_c16 cm.
490 1 _aPublicaciones de la Sociedad Española de Higiene
594 _aPrecede al tít.: Biblioteca del genio médico-quirúrgico.
650 0 4 _aEnseñanza-
_zEspaña-
_yS.XIX
_912286
710 2 _aSociedad Española de Higiene.
_96725
830 0 _aPublicaciones de la Sociedad Española de Higiene
_9182452
852 _aES-MaACL
_jT-483-F-2
999 _c53666
_d53666